000 00746nam a2200265 a 4500
999 _c4768
_d4768
003 PK-NaQUE
005 20260416105848.0
008 260416b ||||| |||| 00| 0 eng d
020 _a1910608815 (hardcover)
020 _a9781910608814 (hardcover)
040 _cQUEST
082 _a025.4DEW
100 1 _aDewey, Melvil.
245 1 0 _aDewey Decimal Classification and Relative Index
250 _a23rd ed.
260 _a[S.l.] :
_bOclc,
_c2011.
300 _a1 v. (unpaged) ;
650 _aClassification, Decimal
700 1 _aMitchell, Joan S.
700 1 _aBeall, Julianne.
700 1 _aGreen, Rebecca.
700 1 _aMartin, Giles.
856 4 0 _uhttp://10.10.170.122:8080/browse/book/29572
_yDownload eBook
942 _cBK
_2ddc